English architecture : an introduction to the architectural history of England from the Bronze Age to the present day /

Bibliographic Details
Main Author: Allsopp, Bruce
Other Authors: Clark, Ursula
Format: Book
Language:English
Published: Stocksfield [England] ; Boston : Oriel Press, 1979.
Subjects:

MARC

Tag First Indicator Second Indicator Subfields
LEADER 00000cam a2200000 i 4500
001 in00000037809
005 20151007080634.0
008 800226s1979 enka 00110 eng
010 |a  80453991  
015 |a GB*** 
020 |a 0853621772 :  |c 6.75 
035 |a (OCoLC)05687811 
035 |9 AAF5137AM 
040 |a DLC  |c DLC  |d TXA  |d UtOrBLW 
043 |a e-uk-en 
049 |a TXAM  |c [1558614] 
050 0 0 |a NA961  |b .A48 
082 0 |a 720/.942 
100 1 |a Allsopp, Bruce. 
245 1 0 |a English architecture :  |b an introduction to the architectural history of England from the Bronze Age to the present day /  |c by Bruce Allsopp & Ursula Clark. 
264 1 |a Stocksfield [England] ;  |a Boston :  |b Oriel Press,  |c 1979. 
300 |a 127 pages :  |b illustrations ;  |c 21 cm. 
336 |a text  |b txt  |2 rdacontent 
337 |a unmediated  |b n  |2 rdamedia 
338 |a volume  |b nc  |2 rdacarrier 
500 |a Includes index. 
650 0 |a Architecture  |z England. 
700 1 |a Clark, Ursula. 
999 |a MARS 
999 f f |s 67574cc0-326f-334e-978b-b3728416b505  |i a8016f86-d285-3e71-a025-2391d57febf9  |t 0 
952 f f |p ric  |a Texas A&M University  |b Rellis Campus  |c Joint Library Facility  |d Remote Storage  |t 0  |e NA961 .A48  |h Library of Congress classification  |i unmediated -- volume  |m A14803419857 
998 f f |a NA961 .A48  |t 0  |l Remote Storage